Nebojte se informací - s PVT
Profil Podniku výpočetní techniky, a.s. podnikajúceho v oblasti informačných systémov. História firmy. Služby, pôsobnosť, stratégia a firemná kampaň.
Gespeichert in:
| Format: | Buchkapitel |
|---|---|
| Sprache: | Tschechisch |
| Schlagworte: | |
| Tags: |
Keine Tags, Fügen Sie das erste Tag hinzu!
|
MARC
| LEADER | 00000naa a2200000 4500 | ||
|---|---|---|---|
| 001 | r019611 | ||
| 005 | 20221208131402.9 | ||
| 041 | 0 | |a cze | |
| 044 | |a CZ | ||
| 245 | 1 | 0 | |a Nebojte se informací - s PVT |
| 520 | |a Profil Podniku výpočetní techniky, a.s. podnikajúceho v oblasti informačných systémov. História firmy. Služby, pôsobnosť, stratégia a firemná kampaň. | ||
| 610 | 2 | 0 | |a firmy |
| 610 | 2 | 0 | |a Podnik výpočetní techniky, a.s. Praha |
| 610 | 2 | 0 | |a služby |
| 610 | 2 | 0 | |a technika výpočtová |
| 610 | 2 | 0 | |a stratégia podniková |
| 610 | 2 | 0 | |a stratégia marketingová |
| 610 | 2 | 0 | |a marketing |